<?xml version="1.0" encoding="UTF-8"?>
<record
    xmlns:xsi="http://www.w3.org/2001/XMLSchema-instance"
    xsi:schemaLocation="http://www.loc.gov/MARC21/slim http://www.loc.gov/standards/marcxml/schema/MARC21slim.xsd"
    xmlns="http://www.loc.gov/MARC21/slim">

  <leader>00204nam a2200085Ia 4500</leader>
  <controlfield tag="008">170617s9999    xx            000 0 und d</controlfield>
  <datafield tag="100" ind1=" " ind2=" ">
    <subfield code="a">RANGANATH PRIYA</subfield>
  </datafield>
  <datafield tag="245" ind1=" " ind2="0">
    <subfield code="a">BASICS IN HUMAN ANATOMY</subfield>
  </datafield>
  <datafield tag="260" ind1=" " ind2=" ">
    <subfield code="b">JAYPEE BROTHERS</subfield>
  </datafield>
  <datafield tag="260" ind1=" " ind2=" ">
    <subfield code="c">2008</subfield>
  </datafield>
  <datafield tag="999" ind1=" " ind2=" ">
    <subfield code="c">12862</subfield>
    <subfield code="d">12862</subfield>
  </datafield>
  <datafield tag="952" ind1=" " ind2=" ">
    <subfield code="0">0</subfield>
    <subfield code="1">0</subfield>
    <subfield code="2">ddc</subfield>
    <subfield code="4">0</subfield>
    <subfield code="7">0</subfield>
    <subfield code="a">03</subfield>
    <subfield code="b">03</subfield>
    <subfield code="d">2016-12-15</subfield>
    <subfield code="e">9</subfield>
    <subfield code="l">2</subfield>
    <subfield code="p">03-B-1689</subfield>
    <subfield code="q">2019-09-30</subfield>
    <subfield code="r">2018-10-13</subfield>
    <subfield code="s">2018-10-13</subfield>
    <subfield code="w">2017-06-22</subfield>
    <subfield code="y">02</subfield>
  </datafield>
  <datafield tag="952" ind1=" " ind2=" ">
    <subfield code="0">0</subfield>
    <subfield code="1">0</subfield>
    <subfield code="2">ddc</subfield>
    <subfield code="4">0</subfield>
    <subfield code="7">0</subfield>
    <subfield code="a">03</subfield>
    <subfield code="b">03</subfield>
    <subfield code="d">2016-12-15</subfield>
    <subfield code="e">9</subfield>
    <subfield code="l">3</subfield>
    <subfield code="m">2</subfield>
    <subfield code="p">03-B-1690</subfield>
    <subfield code="q">2022-11-30</subfield>
    <subfield code="r">2021-10-12</subfield>
    <subfield code="s">2021-10-12</subfield>
    <subfield code="w">2017-06-22</subfield>
    <subfield code="y">02</subfield>
  </datafield>
  <datafield tag="952" ind1=" " ind2=" ">
    <subfield code="0">0</subfield>
    <subfield code="1">0</subfield>
    <subfield code="2">ddc</subfield>
    <subfield code="4">0</subfield>
    <subfield code="7">0</subfield>
    <subfield code="a">03</subfield>
    <subfield code="b">03</subfield>
    <subfield code="d">2016-12-15</subfield>
    <subfield code="e">9</subfield>
    <subfield code="l">8</subfield>
    <subfield code="m">1</subfield>
    <subfield code="p">03-B-1691</subfield>
    <subfield code="r">2025-09-29</subfield>
    <subfield code="s">2024-08-30</subfield>
    <subfield code="w">2017-06-22</subfield>
    <subfield code="y">02</subfield>
  </datafield>
  <datafield tag="952" ind1=" " ind2=" ">
    <subfield code="0">0</subfield>
    <subfield code="1">0</subfield>
    <subfield code="2">ddc</subfield>
    <subfield code="4">0</subfield>
    <subfield code="7">0</subfield>
    <subfield code="a">03</subfield>
    <subfield code="b">03</subfield>
    <subfield code="d">2016-12-15</subfield>
    <subfield code="e">9</subfield>
    <subfield code="l">8</subfield>
    <subfield code="p">03-B-1692</subfield>
    <subfield code="r">2024-05-28</subfield>
    <subfield code="s">2024-02-01</subfield>
    <subfield code="w">2017-06-22</subfield>
    <subfield code="y">02</subfield>
  </datafield>
  <datafield tag="952" ind1=" " ind2=" ">
    <subfield code="0">0</subfield>
    <subfield code="1">0</subfield>
    <subfield code="2">ddc</subfield>
    <subfield code="4">0</subfield>
    <subfield code="7">0</subfield>
    <subfield code="a">03</subfield>
    <subfield code="b">03</subfield>
    <subfield code="d">2016-12-15</subfield>
    <subfield code="e">9</subfield>
    <subfield code="l">11</subfield>
    <subfield code="m">1</subfield>
    <subfield code="p">03-B-1693</subfield>
    <subfield code="r">2023-11-24</subfield>
    <subfield code="s">2023-08-12</subfield>
    <subfield code="w">2017-06-22</subfield>
    <subfield code="y">02</subfield>
  </datafield>
  <datafield tag="952" ind1=" " ind2=" ">
    <subfield code="0">0</subfield>
    <subfield code="1">0</subfield>
    <subfield code="2">ddc</subfield>
    <subfield code="4">0</subfield>
    <subfield code="7">0</subfield>
    <subfield code="a">03</subfield>
    <subfield code="b">03</subfield>
    <subfield code="d">2016-12-15</subfield>
    <subfield code="e">9</subfield>
    <subfield code="l">12</subfield>
    <subfield code="m">1</subfield>
    <subfield code="p">03-B-1694</subfield>
    <subfield code="q">2026-02-28</subfield>
    <subfield code="r">2024-11-07</subfield>
    <subfield code="s">2024-11-07</subfield>
    <subfield code="w">2017-06-22</subfield>
    <subfield code="y">02</subfield>
  </datafield>
  <datafield tag="952" ind1=" " ind2=" ">
    <subfield code="0">0</subfield>
    <subfield code="1">0</subfield>
    <subfield code="2">ddc</subfield>
    <subfield code="4">0</subfield>
    <subfield code="7">0</subfield>
    <subfield code="a">03</subfield>
    <subfield code="b">03</subfield>
    <subfield code="d">2016-12-15</subfield>
    <subfield code="e">9</subfield>
    <subfield code="l">7</subfield>
    <subfield code="p">03-B-1695</subfield>
    <subfield code="r">2024-11-04</subfield>
    <subfield code="s">2024-10-28</subfield>
    <subfield code="w">2017-06-22</subfield>
    <subfield code="y">01</subfield>
  </datafield>
  <datafield tag="952" ind1=" " ind2=" ">
    <subfield code="0">0</subfield>
    <subfield code="1">0</subfield>
    <subfield code="2">ddc</subfield>
    <subfield code="4">0</subfield>
    <subfield code="7">0</subfield>
    <subfield code="a">03</subfield>
    <subfield code="b">03</subfield>
    <subfield code="d">2016-12-15</subfield>
    <subfield code="e">9</subfield>
    <subfield code="l">7</subfield>
    <subfield code="m">1</subfield>
    <subfield code="p">03-B-1696</subfield>
    <subfield code="r">2025-10-08</subfield>
    <subfield code="s">2024-08-30</subfield>
    <subfield code="w">2017-06-22</subfield>
    <subfield code="y">02</subfield>
  </datafield>
  <datafield tag="952" ind1=" " ind2=" ">
    <subfield code="0">0</subfield>
    <subfield code="1">0</subfield>
    <subfield code="2">ddc</subfield>
    <subfield code="4">0</subfield>
    <subfield code="7">0</subfield>
    <subfield code="a">03</subfield>
    <subfield code="b">03</subfield>
    <subfield code="d">2016-12-15</subfield>
    <subfield code="e">9</subfield>
    <subfield code="l">10</subfield>
    <subfield code="m">1</subfield>
    <subfield code="p">03-B-1697</subfield>
    <subfield code="r">2025-09-16</subfield>
    <subfield code="s">2024-08-30</subfield>
    <subfield code="w">2017-06-22</subfield>
    <subfield code="y">02</subfield>
  </datafield>
  <datafield tag="952" ind1=" " ind2=" ">
    <subfield code="0">0</subfield>
    <subfield code="1">0</subfield>
    <subfield code="2">ddc</subfield>
    <subfield code="4">0</subfield>
    <subfield code="7">0</subfield>
    <subfield code="a">03</subfield>
    <subfield code="b">03</subfield>
    <subfield code="d">2016-12-15</subfield>
    <subfield code="e">9</subfield>
    <subfield code="l">9</subfield>
    <subfield code="p">03-B-1698</subfield>
    <subfield code="r">2024-11-23</subfield>
    <subfield code="s">2024-11-04</subfield>
    <subfield code="w">2017-06-22</subfield>
    <subfield code="y">02</subfield>
  </datafield>
</record>
